| 000 | 01004nam a2200241Ia 4500 | ||
|---|---|---|---|
| 005 | 20170707124520.0 | ||
| 010 | _aBAC-EN21 ENG-111755 | ||
| 020 |
_a9789332515185 _c599.00 |
||
| 035 | _aEN-95287 | ||
| 035 | _aB-590703-730 | ||
| 035 | _aB-668135 | ||
| 037 |
_bTechniz/Ven _adpl |
||
| 037 | _bDBAD/PUB | ||
| 082 | _a547 | ||
| 100 | _aSinghal, Atul | ||
| 245 |
_aThe pearson guide to organic chemistry for the JEE advanced : _cby Atul Singhal _balso for Indian science engineering eligibility test/Joint Entrance Examination / |
||
| 260 |
_c2014 _a New Delhi _bPearson India |
||
| 270 |
_a11 Community Centre, Panchsheel Park _bNew Delhi _e110017 |
||
| 300 |
_c24cm(pbk) _avarious pagings : _bill. |
||
| 942 |
_cEN _2ddc _mSIN _h547 |
||
| 999 |
_c88219 _d88219 |
||